[Event "Chess Super League 2021"]
[Site "Online"]
[Date "2021.10.13"]
[Round "3.3"]
[White "Kosteniuk, Alexandra"]
[Black "Abdumalik, Zhansaya"]
[Result "1-0"]
[WhiteElo "2518"]
[BlackElo "2507"]
[Annotator "TA"]
[PlyCount "119"]
[EventDate "2021.10.11"]
[EventType "team-tourn"]
[EventCountry "NET"]
[SourceTitle "playchess.com"]
[Source "ChessBase"]
[SourceQuality "1"]

{[%evp 11,119,12,15,2,33,8,45,42,70,68,64,66,72,66,84,83,129,129,129,129,215,130,128,129,133,117,114,100,106,95,89,39,81,92,118,56,55,54,95,97,106,108,122,54,53,51,54,54,54,54,54,54,54,54,56,51,62,60,62,47,63,54,62,57,60,61,108,112,114,102,127,138,170,139,131,127,207,206,236,236,236,236,213,224,223,194,400,346,358,338,295,271,305,307,402,404,436,429,529,530,1039,973,12833,12833,12845,12845,12845,12846,12846,12847]} 1. e4 e5 2. Bc4 Nc6 3. Nc3 Nf6 4. d3 Na5 5. Nge2 Nxc4 6. dxc4 d6 7. Qd3 {Recently 7.Ng3 got a lot of attention. C28: Vienna Game: 2...Nf6 3 Bc4 Nc6.} g6 8. f3 {[#]} Bg7 $146 ({Predecessor:} 8... Nd7 9. Be3 Nc5 10. Qd2 Be6 11. Nd5 Nd7 12. Bg5 f6 13. Bh6 Bxh6 14. Qxh6 c6 {0-1 (32) Moldovan,D (2435)-Kosashvili,Y (2490) Kfar Sava 1993}) 9. Bg5 {White is slightly better.} b6 10. Nd5 h6 11. Bh4 Bb7 12. Nec3 g5 13. Bf2 c6 14. Ne3 Bc8 15. O-O-O Bf8 (15... Be6 $16) 16. g4 Qc7 17. h4 {aiming for hxg5.} Rg8 18. hxg5 hxg5 19. Qe2 Be6 20. Rd3 Nd7 21. Rh7 Nf6 22. Rh3 O-O-O {[#]} 23. Bg3 (23. Ncd5 $1 $16 {[%mdl 512]} cxd5 24. cxd5) 23... Kb7 $14 24. Rd1 a6 25. a4 Ra8 26. Nf5 Nd7 27. Qd2 ({White should play} 27. b3 $16) 27... Bxc4 28. Nxd6+ Bxd6 29. Qxd6 Qxd6 30. Rxd6 Kc7 31. Rdh6 a5 32. b3 Be6 33. Rh7 Kd6 34. Rh1 Ke7 35. R7h2 Rab8 36. Kb2 Rbc8 37. Nd1 Rb8 38. Ne3 b5 39. axb5 Rxb5 40. Ra1 Rgb8 {[%cal Rb5b3]} 41. Kc1 Nb6 42. Be1 Ra8 43. Rh5 Kf6 (43... a4 $16) 44. Bd2 a4 45. bxa4 Rxa4 46. Rxa4 Nxa4 47. Nf5 Bxf5 48. exf5 $18 {[%mdl 4096] Endgame KRB-KRN} Nc5 $2 (48... e4) 49. Bxg5+ Kg7 50. Bh6+ Kf6 51. Bd2 e4 52. f4 Ke7 53. Rh6 Nd7 54. Rxc6 {White is clearly winning.} Nf6 55. g5 Ne8 56. f6+ Kd7 {[#]} 57. g6 $1 {[%mdl 512]} Nd6 {[#]} (57... Nxf6 58. Rxf6) 58. Rxd6+ $1 {[%mdl 64] Promotion} Kxd6 59. gxf7 Rb8 {[#]} 60. Bb4+ $1 {[%mdl 512] Weighted Error Value: White=0.11/Black=0.26} 1-0

[Event "Chess Super League 2021"]
[Site "Online"]
[Date "2021.10.13"]
[Round "3.3"]
[White "Kulkarni Bhakti"]
[Black "Karavade, Eesha"]
[Result "1-0"]
[WhiteElo "2388"]
[BlackElo "2345"]
[Annotator "TA"]
[PlyCount "131"]
[EventDate "2021.10.11"]
[EventType "team-tourn"]
[EventCountry "NET"]
[SourceTitle "playchess.com"]
[Source "ChessBase"]
[SourceQuality "1"]

{[%evp 9,131,0,87,85,81,60,79,61,206,204,314,310,322,328,310,306,385,363,418,250,250,255,247,244,250,244,260,256,318,259,251,231,245,234,245,241,255,6,8,8,6,9,51,54,166,172,162,174,254,0,0,0,254,264,359,343,718,351,358,236,442,338,508,495,838,601,599,598,745,729,915,579,577,570,560,527,545,537,583,441,462,472,462,454,747,743,703,723,806,797,832,835,802,802,925,831,29975,29976,29976,29977,29975,29977,29977,29975,29977,29971,29974,29975,29975,29973,29973,29973,29973,29973,29971,29973,29972,29972,29962,12728,5601,5493,29976,29976]} 1. d4 Nf6 2. Bg5 d5 3. Bxf6 gxf6 4. e3 c5 5. dxc5 e5 (5... Nc6 $11) 6. Nc3 {D00: 1 d4 d5: Unusual lines.} Be6 7. Qf3 {[#] And now 0-0-0 would win.} Nc6 $146 ({Predecessor:} 7... e4 8. Qh5 f5 9. O-O-O Qd7 10. Bc4 dxc4 11. Rxd7 Nxd7 12. Nh3 O-O-O 13. Ng5 Ne5 14. Nxe6 fxe6 15. Nxe4 {1-0 (22) Grigorov,G (2507)-Samoun,F (2306) Riga 2021}) 8. O-O-O {[%cal Rc3d5] White is better.} d4 {[#]} (8... Qa5 $1 $14) 9. Bb5 $1 Rc8 (9... Bxc5 $142 10. Nge2 (10. Bxc6+ bxc6 11. Nge2 O-O $16) 10... O-O 11. Bxc6 bxc6 12. exd4 Bxd4 13. Nxd4 (13. Qxc6 Rb8 $16) 13... exd4) 10. exd4 $18 exd4 {[#]} 11. Nge2 $1 Bxc5 12. Ne4 Qe7 13. Nxf6+ Kf8 14. Bxc6 (14. Rhe1 $142) 14... Rxc6 15. Nxd4 Bxd4 16. Rxd4 Qc5 {[%csl Gc6][%cal Rc5c2]} 17. Rd2 {Strongly threatening Nh5.} Bf5 18. Ne4 Qa5 19. a3 Kg7 20. Qg3+ Bg6 21. h4 {Threatens to win with h5.} h5 22. Rhd1 Rhc8 23. Qe3 $2 (23. c3 $18) 23... Qa4 $1 $11 24. f3 Rxc2+ 25. Kb1 Rxd2 (25... R8c3 $5 26. Qd4+ Qxd4 27. Rxd4 Rc6 $14) 26. Rxd2 f5 {[#]} (26... Rc6 $14) 27. b3 $1 $36 {[%cal Rb3a4][%mdl 2048] White is really pushing.} Qc6 {White must now prevent ...Qc1+.} 28. Qd4+ $1 Kh6 (28... Kg8 {was necessary.}) 29. Qe3+ Kg7 $1 {aiming for ...Qc1+.} 30. Qd4+ $1 Kh6 $1 {Black is now going downhill.} 31. Nd6 Qc1+ 32. Ka2 {Nxf5+! is the strong threat.} f4 {[#]} (32... Rc2+ 33. Rxc2 Qxc2+ 34. Qb2 Qxb2+ 35. Kxb2 Kg7 36. Nxb7 Kf6) 33. Rb2 (33. Nf5+ $142 $1 {[%mdl 512]} Bxf5 34. Qxf4+ Kg7 35. Qg5+ {[%mdl 64] Double Attack} Kh8 36. Qxh5+ Bh7 37. Qe5+ Kg8 38. Qg5+ Kf8 39. Qf4+ Kg8 40. Rd8+ $3 {[%mdl 576] Deflection} Rxd8 41. Qxc1) 33... Rf8 34. Nxb7 a5 $2 (34... Qe3 35. Qd6 Re8) 35. a4 Kh7 (35... Qc7 $142 36. Nd6 Qe7) 36. Nc5 Re8 (36... Qe3 $142 37. Qd6 Rf7) 37. Qd7+ Kh6 {( -> ...Re2!)} 38. Ne6 {[%csl Ge6][%cal Rd7g7]} Rg8 39. Qd4 Qe3 40. Qxf4+ Qxf4 41. Nxf4 {[%mdl 4096] Endgame KRB-KRN} Bf7 42. Rd2 Rb8 43. Rd6+ Kg7 44. Nd5 Re8 45. Nc3 Re1 46. Ra6 Rg1 (46... Re5 $142 47. Ka3 Re3) 47. Rxa5 Rxg2+ 48. Ka3 Rf2 49. Rg5+ Kf8 50. Rf5 Ke7 51. a5 {[%cal Ba4a5,Ba5a6,Ba6a7][%mdl 32]} Rc2 52. Kb4 Rb2 {[#]} 53. Rxf7+ $1 Kxf7 {KR-KN} 54. a6 Rd2 55. a7 Rd8 56. Kc5 Ke6 57. Kc6 Rd6+ 58. Kb7 Rd7+ 59. Kb8 Rd8+ 60. Kc7 $1 Rd7+ {[#]} 61. Kb6 $1 Rd6+ 62. Ka5 Rd8 63. b4 Kd6 64. Kb6 (64. Ka6 $142 Kc7 {[#]} 65. Nd5+ $1 {[%mdl 576] Deflection, Promotion} Rxd5 66. a8=Q Rd1 67. Qa7+ Kd6 68. Qc5+ Kd7 69. b5 Ra1+ 70. Kb7) 64... Rf8 65. Nb5+ Kd7 66. Nc7 {Weighted Error Value: White=0.69/Black=0.42} 1-0

[Event "Chess Super League 2021"]
[Site "Online"]
[Date "2021.10.13"]
[Round "3.3"]
[White "Savitha Shri B"]
[Black "Tarini Goyal"]
[Result "1-0"]
[WhiteElo "2281"]
[BlackElo "2164"]
[Annotator "TA"]
[PlyCount "159"]
[EventDate "2021.10.11"]
[EventType "team-tourn"]
[EventCountry "NET"]
[SourceTitle "playchess.com"]
[Source "ChessBase"]
[SourceQuality "1"]

{[%evp 9,159,28,28,28,33,28,36,16,25,44,66,56,64,59,59,72,62,64,58,10,23,22,27,0,55,51,56,0,0,-8,-5,-15,0,-103,-57,-107,-77,-104,-98,-134,-139,-129,-104,-114,-89,-131,-95,-125,-40,-47,-31,-67,-35,-60,-57,-82,-20,-45,0,0,67,65,98,97,96,92,102,104,104,108,100,60,69,37,38,41,127,72,76,63,127,129,127,133,114,123,170,168,170,146,156,148,168,162,178,166,161,122,151,134,270,252,312,188,175,120,172,107,250,18,27,52,160,160,163,145,224,224,224,145,145,145,145,145,224,158,161,124,224,224,224,224,385,401,400,396,5716,5165,1658,0,385,385,3052,2563,29971,4935,29974,29975,6887,6887,29998,29999]} 1. e4 c6 2. Nc3 d5 3. Qf3 e6 4. d4 Bb4 {[#]} 5. a3 $146 ({Predecessor:} 5. Qg3 g6 6. e5 c5 7. a3 Bxc3+ 8. bxc3 Nc6 9. Nf3 Qa5 10. Bd2 Qa4 11. dxc5 Qxc2 12. Bb5 Qb2 13. Bxc6+ bxc6 14. O-O Ne7 15. Qh4 Nf5 16. Qf6 O-O 17. g4 Ng7 18. Bh6 {1-0 (18) Smerdon,D (2470)-Slapikas,V (2357) Beijing 2008}) 5... dxe4 6. Qxe4 {B11: Caro-Kann: Two Knights Variation.} Nf6 7. Qh4 Bxc3+ 8. bxc3 {White is slightly better.} c5 9. Nf3 Nc6 10. Bd3 cxd4 11. cxd4 Qa5+ 12. Bd2 Qh5 13. Qxh5 Nxh5 14. Rb1 O-O 15. O-O Rd8 16. Bg5 f6 (16... Nf6 $11) 17. Be3 $14 g5 18. Rb5 (18. c3 $14) 18... Ng7 $11 19. h3 b6 20. Rb2 Bb7 21. Bc4 (21. g4 $11) 21... Na5 22. Ba2 Bd5 23. Bxd5 exd5 24. Rc1 Nc4 25. Rb3 Rac8 26. g4 Rc6 27. Ne1 Ne6 28. Nd3 a5 (28... Na5 $17 29. Nb4 Nxb3 30. Nxc6 Nxc1 31. Nxd8 Ne2+ 32. Kf1 N2xd4) 29. a4 Kg7 30. Kf1 Nc7 31. Ke2 Re8 32. Kf3 Rce6 (32... h5 $17) 33. Nb2 Nxb2 34. Rxb2 Na6 (34... Rc6 $11) 35. Rcb1 $14 Rc8 36. Rxb6 Rxb6 37. Rxb6 $16 {[%mdl 4096] Endgame KRB-KRN} Nb4 38. Rb5 Rxc2 39. Rxa5 Ra2 40. Ra8 Nc6 41. Kg3 Ra3 42. Kg2 Rd3 (42... Kf7 $14) 43. a5 (43. Rc8 $142 Ne7 44. Rc7) 43... Ra3 44. a6 Nb4 ({Black should try} 44... Ra1 $14) 45. a7 Nc6 {[#]} 46. Rc8 $1 Nxa7 47. Rc5 Ra4 48. Rxd5 Nc6 49. Rd6 Ne7 50. Kf3 Kf7 51. Ke4 Rc4 52. Rb6 Ra4 53. Bd2 Ra2 {[#]} 54. Bb4 {Black must now prevent Rb7.} Ra7 (54... Rb2 $16 55. Rb7 Kg6) 55. d5 $18 Rd7 56. Rb5 Ng6 57. Bc3 (57. f3 $18) 57... Nf4 (57... Re7+ $16 {was called for.} 58. Kf3 h6) 58. Bd4 ({White should play} 58. h4 $1 $18) 58... Nxh3 (58... h6 $16) 59. Kf5 $2 (59. Rb6 $18) 59... Nf4 $11 60. Bxf6 Nxd5 (60... h6 $14) 61. Bxg5 $16 Nc3 62. Ra5 Ne2 (62... Nd5 $16 {was necessary.} 63. Ra3 Kg7) 63. Be3 $18 Nc3 64. Ra6 Rd5+ 65. Kf4 Rd7 66. Kg5 Kg7 (66... Ne4+ $16 67. Kf4 Nd6) 67. Re6 Rd5+ 68. Kh4 Nd1 (68... Rd1 $16 {was worth a try.} 69. Kg5 Rd5+ 70. Kh4 Rd1) 69. Bb6 Rd2 70. f4 Rh2+ $2 (70... Nc3 71. f5 Kf7) 71. Kg5 h6+ 72. Kf5 {And now Bd4+ would win.} Rd2 $2 (72... Kf7 73. Bc5 Rg2 74. Rxh6 Nc3) 73. Re7+ Kf8 74. Re6 $2 (74. Bc5 Rc2 75. Bd6) 74... Kg7 75. Bc7 Rd5+ $2 (75... Kf7 76. Rxh6 Ne3+ 77. Kg5 Rg2) 76. Be5+ Kh7 77. Re7+ Kg8 78. Kg6 {[%cal Re7e8]} Kf8 79. Re6 {White threatens Bg7+ and mate.} Nf2 80. Bg7+ {[%mdl 64] Double Attack.  Weighted Error Value: White=0.28/Black=0.28} 1-0

[Event "Chess Super League 2021"]
[Site "Online"]
[Date "2021.10.14"]
[Round "4.1"]
[White "Karjakin, Sergey"]
[Black "Ding, Liren"]
[Result "1/2-1/2"]
[WhiteElo "2743"]
[BlackElo "2799"]
[Annotator "TA"]
[PlyCount "45"]
[EventDate "2021.10.11"]
[EventType "team-tourn"]
[EventCountry "NET"]
[SourceTitle "playchess.com"]
[Source "ChessBase"]
[SourceQuality "1"]

{[%evp 20,45,22,27,20,0,0,0,0,0,0,0,0,0,8,0,0,0,0,0,0,-7,0,0,0,-5,0,0]} 1. d4 Nf6 2. c4 e6 3. Nf3 d5 4. Nc3 Bb4 5. Bg5 h6 6. Bxf6 Qxf6 7. e3 O-O 8. Rc1 dxc4 9. Bxc4 c5 10. O-O cxd4 11. Nxd4 $1 {The main line 11.Nxd4 scores better than 11.Ne4.} Bd7 {D38: Queen's Gambit Declined: Ragozin Defence (4 Nf3 Bb4).} 12. Qb3 {The position is equal.} (12. Ne4 {feels hotter.} Qe7 13. Be2 Nc6 14. a3 Ba5 15. Nb3) 12... Nc6 13. Nxc6 Bxc3 14. Qxb7 Bxc6 15. Qxc6 Bxb2 16. Rc2 Rfc8 17. Qe4 {[#]} Rab8 $146 ({Predecessor:} 17... Qe5 18. Bd3 Qxe4 19. Bxe4 Rxc2 20. Bxc2 Rc8 21. Bb3 Kf8 22. Rd1 Rc1 23. Rxc1 Bxc1 {½-½ (30) Guo,Q (2439)-Tan,Z (2483) Manila 2013}) 18. g3 g6 19. Rb1 Qe5 20. Qf3 Qf6 21. Qe4 Qe5 22. Qf3 Qf6 23. Qe4 {A rather calm draw.  Weighted Error Value: White=0.03/Black=0.01} 1/2-1/2

[Event "Chess Super League 2021"]
[Site "Online"]
[Date "2021.10.14"]
[Round "4.1"]
[White "Hou, Yifan"]
[Black "Kulkarni Bhakti"]
[Result "1-0"]
[WhiteElo "2658"]
[BlackElo "2388"]
[Annotator "TA"]
[PlyCount "95"]
[EventDate "2021.10.11"]
[EventType "team-tourn"]
[EventCountry "NET"]
[SourceTitle "playchess.com"]
[Source "ChessBase"]
[SourceQuality "1"]

{[%evp 10,95,37,39,41,20,36,13,13,15,11,8,13,4,20,4,8,10,20,18,33,25,29,21,22,20,16,14,59,35,55,51,48,42,89,78,158,131,218,127,141,106,127,115,133,126,134,120,181,188,193,131,225,220,229,227,229,232,324,321,351,236,625,627,604,333,296,0,0,0,0,0,0,0,2627,1856,29982,29982,29979,29975,29983,29984,29991,29992,29992,29993,29993,29994]} 1. e4 e5 2. Bc4 Nf6 3. d3 Nc6 4. Nf3 h6 5. c3 d6 6. Nbd2 g6 {6...g5 deserves study. C55: Two Knights: 4 d3, 4 d4 exd4 5 e5 and Max Lange Attack.} 7. Bb3 Bg7 8. h3 O-O {The position is equal.} 9. O-O d5 10. Re1 dxe4 11. dxe4 Qe7 {[#]} 12. Ba4 $146 ({Predecessor:} 12. Nf1 Na5 13. Bc2 c6 14. Qe2 b6 15. Ng3 Nb7 16. b3 Rd8 17. Bb2 a5 18. Rad1 Rxd1 19. Rxd1 {1-0 (31) Kovalev,A (2554)-Khudyakov,A (2365) Alushta 2003}) 12... Bd7 13. Nc4 {[%cal Bd2c4,Bc4e3,Be3d5][%mdl 32]} Nh5 (13... a6 $5 {[%cal Rb7b5]} 14. Bxc6 Bxc6 $11) 14. Ne3 Rad8 15. Nd5 Qd6 16. Qc2 Ne7 17. Nxe7+ Qxe7 18. Be3 Nf4 19. Bxd7 Rxd7 20. Bxf4 exf4 21. e5 c5 22. h4 f5 (22... Rfd8 $142) 23. Qa4 Re8 (23... Rfd8 $16 24. Qc4+ (24. Qxf4 Qe6 $16) 24... Kh7) 24. Qxf4 ({Resist} 24. Qxa7 $6 g5 $16) (24. Rad1 $1 $18 {[%cal Rd1d7]} Rxd1 25. Rxd1 (25. Qxd1 Qe6 $16)) 24... Qe6 $16 25. Re2 Rde7 26. c4 Rd7 27. Rae1 Red8 28. b3 Kh7 (28... a6 $16 29. Qe3 b6) 29. h5 $18 gxh5 30. Qh4 (30. g3 $18) 30... Rg8 (30... Bf8 $16 31. Qxh5 Be7) 31. Qxh5 Bf8 32. Rd2 {aiming for Rxd7+.} Rdg7 33. Nh4 Rg5 34. Qf3 Be7 35. Qxb7 Rg4 $2 {[#]} (35... R5g7 36. Nf3 Qg6) 36. Rd6 $1 Qf7 {[#]} 37. Rd7 $1 R8g7 {[#]} 38. Nxf5 Rxg2+ $11 39. Qxg2 Rxg2+ 40. Kxg2 Qxf5 41. Rxe7+ $18 {[%mdl 4096] Endgame KQ-KRR} Kg6 $2 {[%mdl 8192]} (41... Kh8 $11 42. Rxa7 Qg6+ 43. Kh1 Qh5+ 44. Kg2 Qg6+ 45. Kh1 Qh5+ 46. Kg2 Qg6+) 42. Re3 Qc2 43. Rxa7 {White mates.} h5 44. Ra6+ Kg5 45. e6 h4 46. e7 h3+ 47. Kxh3 Qf5+ 48. Kg2 {Weighted Error Value: White=0.27/Black=0.45} 1-0

[Event "Chess Super League 2021"]
[Site "Online"]
[Date "2021.10.14"]
[Round "4.1"]
[White "Gupta, Abhijeet"]
[Black "Koneru, Humpy"]
[Result "1-0"]
[WhiteElo "2628"]
[BlackElo "2586"]
[Annotator "TA"]
[PlyCount "101"]
[EventDate "2021.10.11"]
[EventType "team-tourn"]
[EventCountry "NET"]
[SourceTitle "playchess.com"]
[Source "ChessBase"]
[SourceQuality "1"]

{[%evp 9,101,0,0,0,14,14,18,16,17,19,14,4,23,20,20,27,29,0,108,117,113,118,110,108,95,106,120,122,135,116,142,101,99,100,91,78,91,107,110,102,101,82,83,83,173,177,169,170,166,170,294,282,263,267,264,272,265,283,293,285,293,286,279,287,280,285,285,270,272,242,256,247,328,321,348,335,347,345,333,333,284,229,333,336,336,323,540,525,1179,1047,1410,1258,29960,5400]} 1. d4 Nf6 2. Nf3 d5 3. Bf4 e6 4. e3 c5 5. c3 Bd6 6. Bd3 {D02: 1 d4 d5 2 Nf3 sidelines, including 2...Nf6 3 g3 and 2...Nf6 3 Bf4.} Qc7 7. Bxd6 Qxd6 8. Ne5 {The position is equal.} O-O 9. O-O {[#]} b6 $146 ({Predecessor:} 9... Nfd7 10. f4 f6 11. Qh5 f5 12. g4 Nf6 13. Qh4 Nc6 14. gxf5 exf5 15. Nd2 Ne4 {0-1 (50) Bosiocic,M (2625)-Le,T (2501) Chess.com INT 2020}) 10. Qe2 Bb7 11. a4 Nc6 12. f4 Ne4 13. Na3 {[%cal Bb1a3,Ba3b5,Bb5d4][%mdl 32]} f6 (13... Qe7 $11) 14. Bxe4 $16 dxe4 {[#]} 15. dxc5 $1 Qe7 16. Nxc6 Bxc6 17. cxb6 axb6 18. Nb5 Rfd8 19. Nd4 Bd5 20. Rfd1 Qc5 21. Qb5 Bc4 22. Qb4 Qxb4 23. cxb4 e5 24. fxe5 fxe5 25. Nc6 {[%mdl 64] Double Attack} Rxd1+ 26. Rxd1 {[%mdl 4096] Endgame And now a5 would win. KRB-KRN} Bb3 (26... Rxa4 $16 {was called for.} 27. Nxe5 Bd3) 27. Ra1 $18 Rxa4 28. Rxa4 Bxa4 29. Nxe5 {KB-KN} Kf8 (29... Be8 {was worth a try.} 30. h4 Kf8) 30. Nc4 Ke7 31. Nxb6 Bb3 {[#] Black wants to play ...Kd8.} 32. Nc8+ $1 Kd7 33. Na7 Bc4 34. b5 Kc7 35. Nc6 Bxb5 36. Nd4 Bd7 37. Kf2 Kd6 38. Ke2 Kc5 39. Kd2 Kb4 40. Kc2 g5 41. b3 {[%cal Bb2b3,Bb3b4][%mdl 32]} h5 42. Kb2 h4 43. Nc2+ Kc5 44. Kc3 Bb5 45. Nd4 Bd7 (45... Bf1 $142 46. b4+ Kd6) 46. b4+ Kd5 47. Kb3 g4 $2 (47... Bg4 {keeps fighting.} 48. Nb5 Bd1+ 49. Kb2 Ke5) 48. g3 h3 49. Ne2 Ke5 50. Kc4 Ba4 51. Kc5 {Weighted Error Value: White=0.02/Black=0.44} (51. Nc3 $142 Bc2 52. Kc5 Kf5 53. Kc6 Kg5 54. b5 Bd3 55. b6 Ba6 56. Nxe4+ Kf5 57. Nc5) 1-0

[Event "Chess Super League 2021"]
[Site "Online"]
[Date "2021.10.14"]
[Round "4.1"]
[White "Iniyan, P."]
[Black "Arjun Kalyan"]
[Result "1/2-1/2"]
[WhiteElo "2529"]
[BlackElo "2537"]
[Annotator "ChessBase"]
[PlyCount "162"]
[EventDate "2021.10.11"]
[EventType "team-tourn"]
[EventCountry "NET"]
[SourceTitle "playchess.com"]
[Source "ChessBase"]
[SourceQuality "1"]
[TimeControl "900+10"]

1. d4 {[%emt 0:00:22]} Nf6 {[%emt 0:00:12]} 2. c4 {[%emt 0:00:02]} e6 {[%emt 0:00:01]} 3. Nf3 {[%emt 0:00:00]} d5 {[%emt 0:00:02]} 4. Nc3 {[%emt 0:00:02]} Nbd7 {[%emt 0:00:02]} 5. Bf4 {[%emt 0:00:24]} Bb4 {[%emt 0:00:06]} 6. e3 {[%emt 0:00:10]} c5 {[%emt 0:00:05]} 7. Be2 {[%emt 0:00:20]} dxc4 {[%emt 0:00:32]} 8. O-O {[%emt 0:01:20]} Bxc3 {[%emt 0:01:31]} 9. bxc3 {[%emt 0:00:00]} Nd5 {[%emt 0:00:05]} 10. Bd6 {[%emt 0:01:34]} Nxc3 {[%emt 0:02:33]} 11. Qc2 {[%emt 0:00:02]} Nxe2+ {[%emt 0:00:12]} 12. Qxe2 {[%emt 0:00:00]} Qb6 {[%emt 0:00:13]} 13. dxc5 {[%emt 0:00:12]} Nxc5 {[%emt 0:00:03]} 14. Be5 {[%emt 0:02:16]} f6 {[%emt 0:01:18]} 15. Bd4 {[%emt 0:00:03]} Qc6 {[%emt 0:01:55]} 16. Qxc4 {[%emt 0:00:25]} b6 {[%emt 0:00:11]} 17. Rfc1 {[%emt 0:00:51]} O-O {[%emt 0:01:26]} 18. Bxc5 {[%emt 0:00:44]} Qxc5 {[%emt 0:00:32]} 19. Qxc5 {[%emt 0:01:18]} bxc5 {[%emt 0:00:02]} 20. Rxc5 {[%emt 0:00:00]} e5 {[%emt 0:00:05]} 21. a4 {[%emt 0:05:04]} Be6 {[%emt 0:01:11]} 22. h4 {[%emt 0:00:09]} Rfc8 {[%emt 0:00:13]} 23. Rac1 {[%emt 0:00:03]} Rxc5 {[%emt 0:00:17]} 24. Rxc5 {[%emt 0:00:00]} Rc8 {[%emt 0:00:01]} 25. Ra5 {[%emt 0:00:04]} Rc7 {[%emt 0:00:10]} 26. Nd2 {[%emt 0:00:02]} Kf7 {[%emt 0:00:15]} 27. f4 {[%emt 0:00:01]} exf4 {[%emt 0:00:09]} 28. exf4 {[%emt 0:00:00]} Ke7 {[%emt 0:00:19]} 29. Kf2 {[%emt 0:00:07]} Bd7 {[%emt 0:00:48]} 30. Ke3 {[%emt 0:02:08]} Rb7 {[%emt 0:01:25]} 31. g3 {[%emt 0:00:28]} h6 {[%emt 0:00:21]} 32. Ne4 {[%emt 0:00:36]} Rb3+ {[%emt 0:01:02]} 33. Kd2 {[%emt 0:00:02]} Rb7 {[%emt 0:00:44]} 34. Nc5 {[%emt 0:00:02]} Rc7 {[%emt 0:00:03]} 35. Ke3 {[%emt 0:00:27]} Bc8 {[%emt 0:00:17]} 36. Kd4 {[%emt 0:00:32]} Kd6 {[%emt 0:00:14]} 37. Ne4+ {[%emt 0:00:15]} Ke7 {[%emt 0:00:02]} 38. Nc3 {[%emt 0:00:21]} Rd7+ {[%emt 0:00:22]} 39. Ke3 {[%emt 0:00:11]} a6 {[%emt 0:00:22]} 40. Nd5+ {[%emt 0:00:47]} Kd6 {[%emt 0:00:16]} 41. Nb6 {[%emt 0:00:15]} Re7+ {[%emt 0:00:04]} 42. Kd4 {[%emt 0:00:02]} Bb7 {[%emt 0:00:07]} 43. Nc4+ {[%emt 0:00:02]} Kd7 {[%emt 0:00:14]} 44. Rc5 {[%emt 0:00:06]} Re4+ {[%emt 0:00:25]} 45. Kd3 {[%emt 0:00:07]} Re1 {[%emt 0:00:14]} 46. Ne3 {[%emt 0:00:27]} Rg1 {[%emt 0:00:21]} 47. g4 {[%emt 0:00:00]} Bf3 {[%emt 0:00:59]} 48. Ra5 {[%emt 0:00:23]} Bb7 {[%emt 0:00:20]} 49. Ke2 {[%emt 0:00:11]} g6 {[%emt 0:00:15]} 50. h5 {[%emt 0:00:12]} gxh5 {[%emt 0:00:28]} 51. Rxh5 {[%emt 0:00:00]} Rh1 {[%emt 0:00:11]} 52. Nf5 {[%emt 0:00:21]} Rxh5 {[%emt 0:00:10]} 53. gxh5 {[%emt 0:00:00]} Ke6 {[%emt 0:00:10]} 54. Nxh6 {[%emt 0:00:13]} f5 {[%emt 0:00:07]} 55. a5 {[%emt 0:00:03]} Kf6 {[%emt 0:00:07]} 56. Ke3 {[%emt 0:00:02]} Bc8 {[%emt 0:00:14]} 57. Kd4 {[%emt 0:00:04]} Kg7 {[%emt 0:00:07]} 58. Nxf5+ {[%emt 0:00:01]} Bxf5 {[%emt 0:00:01]} 59. Ke5 {[%emt 0:00:01]} Bd3 {[%emt 0:00:05]} 60. f5 {[%emt 0:00:02]} Kh6 {[%emt 0:00:07]} 61. f6 {[%emt 0:00:05]} Bc4 {[%emt 0:00:05]} 62. Kd4 {[%emt 0:00:05]} Bf7 {[%emt 0:00:02]} 63. Kc5 {[%emt 0:00:00]} Bxh5 {[%emt 0:00:05]} 64. Kb6 {[%emt 0:00:01]} Be2 {[%emt 0:00:04]} 65. Kc5 {[%emt 0:00:01]} Kg6 {[%emt 0:00:01]} 66. Kb4 {[%emt 0:00:01]} Kxf6 {[%emt 0:00:01]} 67. Kc3 {[%emt 0:00:00]} Ke5 {[%emt 0:00:01]} 68. Kb2 {[%emt 0:00:01]} Kd4 {[%emt 0:00:01]} 69. Ka1 {[%emt 0:00:00]} Kc3 {[%emt 0:00:02]} 70. Kb1 {[%emt 0:00:00]} Kb4 {[%emt 0:00:00]} 71. Ka1 {[%emt 0:00:00]} Kxa5 {[%emt 0:00:03]} 72. Kb1 {[%emt 0:00:01]} Kb4 {[%emt 0:00:01]} 73. Ka1 {[%emt 0:00:00]} a5 {[%emt 0:00:00]} 74. Kb1 {[%emt 0:00:00]} Ka3 {[%emt 0:00:01]} 75. Ka1 {[%emt 0:00:00]} Bc4 {[%emt 0:00:01]} 76. Kb1 {[%emt 0:00:00]} a4 {[%emt 0:00:00]} 77. Ka1 {[%emt 0:00:00]} Kb4 {[%emt 0:00:00]} 78. Kb1 {[%emt 0:00:00]} a3 {[%emt 0:00:01]} 79. Ka1 {[%emt 0:00:00]} a2 {[%emt 0:00:03]} 80. Kb2 {[%emt 0:00:01]} Ka4 {[%emt 0:00:00]} 81. Ka1 {[%emt 0:00:00]} Ka3 {[%emt 0:00:02]} 1/2-1/2